Orientalism: Westeern Conceptions Of The Orient (Record no. 357587)

MARC details
000 -LEADER
fixed length control field 00543nam a22001817a 4500
005 - DATE AND TIME OF LATEST TRANSACTION
control field 20240313154612.0
008 - FIXED-LENGTH DATA ELEMENTS--GENERAL INFORMATION
fixed length control field 240313b |||||||| |||| 00| 0 eng d
020 ## - INTERNATIONAL STANDARD BOOK NUMBER
International Standard Book Number 9780143027980
041 ## - LANGUAGE CODE
Language code of text/sound track or separate title eng
082 ## - DEWEY DECIMAL CLASSIFICATION NUMBER
Classification number 720.9
Item number SAI
100 ## - MAIN ENTRY--PERSONAL NAME
Author Said E W.
245 ## - TITLE STATEMENT
Title Orientalism: Westeern Conceptions Of The Orient
260 ## - PUBLICATION, DISTRIBUTION, ETC.
Place of publication, distribution, etc. USA
Name of publisher, distributor, etc. Pwnguin Books
Date of publication, distribution, etc. 2001
300 ## - PHYSICAL DESCRIPTION
Extent 396p
Other physical details Pb
Dimensions 20 x 13
365 ## - TRADE PRICE
Price type code INR
Price amount 499.00
Currency code Rupaye
500 ## - GENERAL NOTE
Keywords The Scope Of Orientalism<br/>Orientalist StructureAnd Restructures<br/>Orientalism Now<br/>
942 ## - ADDED ENTRY ELEMENTS (KOHA)
Koha item type Books
Holdings
Withdrawn status Lost status Source of classification or shelving scheme Damaged status Not for loan Home library Current library Date acquired Vendor Budget Code Net Price Bill number Total Checkouts Full call number Barcode Date last seen Discount Actual Price Bill Date Koha item type
    Dewey Decimal Classification     Dr. Bhanuben Nanavati College of Architecture Dr. Bhanuben Nanavati College of Architecture 13/03/2024 Word Book Shop B Arch 314.37 2478   720.9 SAI BNCA-BK-12633 13/03/2024 37% 499.00 06/03/2024 Books